Central Library OPAC University of Rajshahi

The machinery of the body / (Record no. 12796)

MARC details
000 -LEADER
fixed length control field 00758cam a22002411 4500
001 - CONTROL NUMBER
control field 12796
003 - CONTROL NUMBER IDENTIFIER
rucl marc code BD-RjUL
005 - DATE AND TIME OF LATEST TRANSACTION
control field 20211208235346.0
008 - FIXED-LENGTH DATA ELEMENTS--GENERAL INFORMATION
fixed length control field 720420s1961 ilua 000 0 eng
035 ## - SYSTEM CONTROL NUMBER
System control number (BD-RjUL) 12846
040 ## - CATALOGING SOURCE
Original cataloging agency DLC
Transcribing agency DLC
Modifying agency BD-RjUL
Language of cataloging eng
041 ## - LANGUAGE CODE
Language code of text/sound track or separate title eng
082 00 - DEWEY DECIMAL CLASSIFICATION NUMBER
Classification number 612
Author mark and year CAM 1963
100 1# - MAIN ENTRY--PERSONAL NAME
Personal name Carlson, Anton J.
Fuller form of name (Anton Julius),
Dates associated with a name 1875-1956.
9 (RLIN) 39878
245 14 - TITLE STATEMENT
Title The machinery of the body /
Statement of responsibility, etc. by Anton J. Carlson, Victor Johnson [and] H. Mead Cavert.
250 ## - EDITION STATEMENT
Edition statement 5th ed., rev. and enl.
260 ## - PUBLICATION, DISTRIBUTION, ETC. (IMPRINT)
Place of publication, distribution, etc. Chicago :
Name of publisher, distributor, etc. University of Chicago Press ;
Date of publication, distribution, etc. 1961 [Impression 1963]
300 ## - PHYSICAL DESCRIPTION
Pagination 752 p. :
Illustrations illus. ;
Size 24 cm.
650 #0 - SUBJECT ADDED ENTRY--TOPICAL TERM
Topical term or geographic name as entry element Human physiology.
9 (RLIN) 38167
942 ## - ADDED ENTRY ELEMENTS (KOHA)
Source of classification or shelving scheme Dewey Decimal Classification
Koha item type Books
Holdings
Lost status Source of classification or shelving scheme Damaged status Not for loan Collection code Permanent Location Current Location Shelving location Date acquired Source of acquisition Cost, normal purchase price Total Checkouts Full call number Date last seen Copy number Koha item type
  Dewey Decimal Classification   Not For Loan Non-fiction Central Library, University of Rajshahi Central Library, University of Rajshahi Reading Room 14/12/1965 Zeitlinger 48.00   612 CAM 1963 29/01/2014 C-1 Books
  Dewey Decimal Classification     Non-fiction Central Library, University of Rajshahi Central Library, University of Rajshahi   14/12/1965 Zeitlinger 48.00   612 CAM 1963 27/05/2017 C-2 Books